Religión sin Dios

Guardado en:
Detalles Bibliográficos
Autor principal: Dworkin, Ronald (Autor)
Formato: Libro
Lenguaje:español
Publicado: Ciudad de México Fondo de Cultura Económica 2014
Edición:1a. ed
Colección:Sección de Obras de Filosofía
Materias:
Etiquetas: Agregar Etiqueta
Sin Etiquetas, Sea el primero en etiquetar este registro!

MARC

LEADER 00000cam a2200000 a 4500
001 UCD9715
003 CL-VaPUC
008 170630e20140000mx |||||||||||||||||spa|d
020 |a 9786071621610 
082 0 4 |a 210  |b DWO  |2 21 
100 |a Dworkin, Ronald   |e author  |9 257913 
245 1 0 |a Religión sin Dios 
250 |a 1a. ed 
300 |a 102 p 
942 |c BK 
945 |d 20170630 21:31:00  |a arojas 
260 |a Ciudad de México  |b Fondo de Cultura Económica  |c 2014 
650 0 |a Ateísmo  |9 265671 
650 0 |a Filosofía de la religión   |9 256017 
583 |a last modification  |c 20170630 21:31:00  |k Rodrigo Vera 
490 0 |a Sección de Obras de Filosofía 
999 |c 368745  |d 368743 
952 |0 0  |1 0  |3 erb  |4 0  |6 210_000000000000000_DWO_2014  |7 0  |8 A  |9 484176  |a BIBTEO  |b BIBTEO  |i 5403316  |l 1  |o 210 DWO 2014  |p 5403316  |r 2025-01-17  |s 2023-01-20  |w 2019-11-24  |y BK  |z Catalogado en:20170630  |k ICR